CIA kürtleri : (Record no. 13624)

MARC details
000 -BAŞLIK
Sabit Uzunlukta Kontrol Alanı 00824nam a2200265 4500
999 ## - SİSTEM KONTROL NUMARALARI (KOHA)
Koha Biblionumber 13624
Koha Biblioitemnumber 13624
003 - KONTROL NUMARASI IDENTIFIER
Denetim Alanı MIRAKIL
005 - SON İŞLEM TARİHİ VE ZAMANI
Denetim Alanı 20191121155853.0
008 - SABİT-BOY VERİ ELEMANLARI - GENEL BİLGİLER
Sabit Uzunlukta Kontrol Alanı 191121b tu ||||| |||| 00| 0 tur d
020 ## - ULUSLARARASI STANDART KİTAP NUMARASI
Uluslararası Standart Kitap Numarası 9752974686
040 ## - KATALOGLAMA KAYNAK
Orijinal Kataloglama Ajansı TR-AnCHP
Metne Dönüştürmek Ajansı TR-AnCHP
041 ## - DİL KODU
Metin / Ses Parça Veya Ayrı Başlığın Dil Kodu tur
082 ## - DEWEY ONLU SINIFLANDIRMA NUMARASI
Sınıflandırma Numarası 323.119159
Ürün Numarası Ö94c 2006
100 1# - ANA GİRİŞ - KİŞİSEL İSİM
Kişisel Ad Özkan, Tuncay
245 10 - BAŞLIK TABLOSU
Başlık CIA kürtleri :
Başlığın Kalan Kürt devletinin gizli tarihi /
Sorumluluk Tablosu, Vb Tuncay Özkan
246 ## - UNVAN FORM VARYING
Başlık Doğru / Kısa Başlığı Kürt devletinin gizli tarihi
250 ## - EDITION TABLOSU
Baskı Beyanı 22 bs.
260 ## - YAYIN, DAĞITIM, VB
Yayın, Dağıtım, Vb Yeri İstanbul:
Yayıncı, Dağıtıcı, Vs Adı Alfa yayınları,
Yayın, Dağıtım, Vb Tarihi 2006.
300 ## - FİZİKSEL TANIM
Kapsam xııı,357 s.:
Boyutlar 21 sm.
490 0# - SERİSİ TABLOSU
Seri Beyanı Alfa yayınları;
-- Güncel-Siyaset;
Hacim / Ardışık Tanımı 1449.
-- 11.
504 ## - KAYNAKÇA VB NOT
Kaynakça Vb Notu Dizin vardır.
650 #0 - KONU KATMA GİRİŞ - TOPİKAL DÖNEM
9 (RLIN) 5116
Topikal Süreli Veya Coğrafi Ad Giriş Elemanı Kürtler
Genel Alt Bölümü Tarih
Coğrafi Alt Bölümü Türkiye
650 #0 - KONU KATMA GİRİŞ - TOPİKAL DÖNEM
9 (RLIN) 5349
Topikal Süreli Veya Coğrafi Ad Giriş Elemanı Uluslararası ilişkiler
Genel Alt Bölümü Kürtler
740 ## - KATMA GİRİŞ - KONTROLSUZ İLGİLİ / ANALİTİK BAŞLIK
Kontrol Edilmeyen / İlgili Analitik Başlıktaki Kürt devletinin gizli tarihi
942 ## - EKLENDİ GİRİŞ ELEMANLARI (KOHA)
Sınıflandırma Veya Raf Düzeni Kaynak Dewey Decimal Classification
Koha Öğesi Türü Books
Holdings
Kalıcı Konum Mevcut Konum Edinme Tarihi Toplam Check-Out'Lar Tam Çağrı Numarası Barkod Tarih Son Görülme İtibaren Geçerli Fiyatlar Koha Öğesi Türü
CHP Kütüphanesi CHP Kütüphanesi 11/21/2019   323.119159 Ö94c 2006 011887 11/21/2019 11/21/2019 Books